000 00392nam a2200145Ia 4500
008 231129s1999||||xx |||||||||||||| ||spa||
020 _a958-9249-43-4
040 _bspa
082 _a158 E18m
100 _aEcheverri Morales Juliana
245 0 _aUn metodo infalible para alcanzar sus metas
260 _c1999
264 _aPapiro
942 _2ddc
_cBKS
999 _c25862
_d25862